[Event "Montreal Saturday op 02"]
[Site "Montreal"]
[Date "2010.03.10"]
[Round "4"]
[White "Guindon, Alex"]
[Black "Millette, Sylvain"]
[Result "1-0"]
[WhiteElo "1485"]
[BlackElo "1605"]
[PlyCount "41"]
[EventDate "2010.02.17"]
[EventType "tourn"]
[EventRounds "5"]
[EventCountry "CAN"]
[SourceTitle "EXT 2011"]
[Source "ChessBase"]
[SourceDate "2010.11.26"]
[SourceVersion "1"]
[SourceVersionDate "2010.11.26"]
[SourceQuality "1"]

1. d4 Nf6 2. Nf3 g6 3. Bf4 d5 4. e3 Bg7 5. Be2 c6 6. 0-0 Nbd7 7. h3 0-0 8. Nbd2 Re8 9. c4 dxc4 10. Bxc4 Nb6 11. Bb3 Nbd5 12. Bh2 Bf5 13. Rc1 Nb4 14. Ne5 e6 15. Ndf3 Nd7 16. a3 Nxe5 17. Nxe5 Nd5 18. Re1 f6 19. Nc4 Bxh3 20. gxh3 e5 21. e4 1-0